000 00316nam a22001457a 4500
008 230202b ||||| |||| 00| 0 eng d
020 _a00275514
041 _aeng
080 _288
_a575
082 _a575RAN
100 _a13
101 _aBIO
245 _aMYCOLOGIA MORPHOLOGICAL
_cROSSMAN Y A
942 _2udc
_cBK
999 _c59296
_d59296